01345agaaa2200289 45000010005000000030009000050050017000140070009000310080040000400400023000800410013001031000047001161300061001632450186002242500022004102600122004323000033005545080048005875200059006355380016006945460013007106500066007237000066007897000080008557000059009357000061009940350IT-RoPAU20220918181255.0d cvaizq50131s9999||||xx ||| | || ||und|| aIT-RoPAUcIT-RoPAU aITALIANO aScaffa LucianogCodice regista SPICS: 4848 aROBERTO ROSSELLINI, DIECI ANNI-4-STORIA, SCIENZA, FUTURO aROBERTO ROSSELLINI, DIECI ANNI-4-STORIA, SCIENZA, FUTUROcDiretto da: Scaffa LucianopROBERTO ROSSELLINI, DIECI ANNI-4-STORIA, SCIENZA, FUTURO (Rif. Codice opera principale : 60350) aEdizione Standard aROMA (ITALIA)bRAI - RADIO TELEVISIONE ITALIANA / Distribuzione: RAIg"1987 (1° ed.: 1987 ; Ed. Lingua Orig.: 1987)" aVHSbsonoro, col.c90 minuti aSoggetto: Trasatti Sergio -- Bondi' Claudio aRICORDI TESTIMONIANZE DOCUMENTI PROGRAMMA-IN-5-PUNTATE aPAL, STEREO aITALIANO aCULTURALEeSTUDI SUL CINEMA [VHS]xCodice MATERIA SPICS: 9959 aBondi' Claudio e(soggetto)gCodice Soggetto 2° SPICS: 18933 aMariani Rossellini Marcellae(regista)gCodice secondo regista SPICS: 12604 aScaffa Luciano e(regista)gCodice regista SPICS: 4848 aTrasatti Sergio e(soggetto)gCodice Soggetto SPICS: 369